000 00482nam a2200133Ia 4500
008 260210s9999 xx 000 0 und d
024 _a01B-04-BCSY, 01B-21-BCSY, 01B-29-BCSY & 01B-42-BCSY
082 _a005.072 MUH
100 _aMuhammad Kashif, Fahad Ahmed Khan, Hammad Ali Khan & Shariq Raees Siddiqui
245 0 _aWeb Based Academic Information System
260 _aKarachi:
_bUITU,
_c2001
600 _aComputer Science
650 _aBachelor of Computer Science (BS)
999 _c31722
_d31722